| 000 | 01488cam a2200373 a 4500 | ||
|---|---|---|---|
| 001 | transformationbr00stri | ||
| 003 | CaSfIA | ||
| 005 | 20210119103753.0 | ||
| 007 | cr|||| | ||
| 008 | 880331s1988 nyu 000 0 eng | ||
| 010 | _a 88012105 | ||
| 040 |
_aDLC _cDLC _dBAKER _dBTCTA _dYDXCP _dCaSfIA |
||
| 020 | _a0688077005 | ||
| 020 | _a9780688077006 | ||
| 035 | _a(OCoLC)17877411 | ||
| 050 | 0 | 0 |
_aTL789.3 _b.S773 1988 |
| 082 | 0 | 0 |
_a001.9/42 _219 |
| 100 | 1 | _aStrieber, Whitley. | |
| 245 | 1 | 0 |
_aTransformation : _h[electronic resource] _bthe breakthrough / _cWhitley Strieber. |
| 250 | _a1st ed. | ||
| 260 |
_aNew York : _bBeech Tree Books, _cc1988. |
||
| 300 |
_a256 p. ; _c24 cm. |
||
| 650 | 0 |
_aUnidentified flying objects _xSightings and encounters. |
|
| 650 | 0 | _aAlien abduction. | |
| 856 | 4 | 1 |
_uhttp://www.archive.org/details/transformationbr00stri _zFree eBook from the Internet Archive |
| 856 | 4 | 2 |
_uhttp://www.openlibrary.org/books/OL2035956M _zAdditional information and access via Open Library |
| 029 | 1 |
_aNLGGC _b052712761 |
|
| 029 | 1 |
_aYDXCP _b563105 |
|
| 029 | 1 |
_aNZ1 _b4998693 |
|
| 029 | 1 |
_aAU@ _b000005830696 |
|
| 942 | _cEB | ||
| 506 | _fНеобхідна авторизація на https://archive.org/ (створення облікового запису безкоштовно) | ||
| 506 | _fНеобхідна авторизація на https://openlibrary.org/ (створення облікового запису безкоштовно) | ||
| 999 |
_c558998 _d558998 |
||